000 00532nam a2200181Ia 4500
008 100920s9999 xx 000 0 und d
082 _b26819
_a891.463.1 0
100 _aकर्णिक मधुमंगेश.
245 _aकेवडा.
260 _bश्रीराम प्रकाशन ,मंुबई.
_c0
300 _a174
_bसाधी
365 _b10
520 _aलघुकथा.
630 _aकेवडा.
650 _aलघुकथा.
730 _aकेवडा.
942 _cBOOK
999 _c683945
_d683942